| Поле | Название | Значение |
| |
Тип записи |
i |
| |
Библиографический уровень |
m |
| 001 |
Контрольный номер |
RU/IS/BASE/273079880 |
| 005 |
Дата корректировки |
20250218102514.7 |
| 010 |
Индекс ISBN |
__ |
| d |
Цена |
162-25 |
| 101 |
Язык документа |
0_ |
| a |
Язык текста |
rus |
| c |
Язык оригинала |
fre |
| 200 |
Заглавие и сведения об ответственности |
1_ |
| a |
Заглавие |
"Наше сердце" |
| e |
Сведения, относящиеся к заглавию |
[роман : аудиокнига] |
| f |
Первые сведения об ответственности |
Ги де Мопассан ; читает Нелли Вильская ; [пер. с фр. Е. Гнуста] |
| b |
Общее обозначение материала |
Звукозапись |
| 210 |
Выходные данные |
1_ |
| a |
Место издания |
М. |
| c |
Издательство |
Библиофоника |
| d |
Дата издания |
2007 |
| 215 |
Физическое описание |
__ |
| a |
Объем |
1 электрон. опт. диск (Audio CD) (6 ч. 21 мин.) |
| 225 |
Серия |
2_ |
| a |
Серия |
Французская классическая проза |
| 300 |
Общие примечания |
__ |
| a |
Общие примечания |
AudioCD ; MP3 ; аппаратура, поддерживающая формат MP3 |
| 323 |
Примечание о главных создателях, исполнителях, участниках |
__ |
| a |
Примечание о главных создателях, исполнителях, участниках |
Вильская, Н. (читает) |
| 330 |
Аннотация |
__ |
| a |
Аннотация |
Своеобразный очерк психологии любви эмансипированной женщины из высшего света. Увлекательный сюжет с неожиданными поворотами сопровождается столь глубоким и детальным анализом человеческих чувств и внутренних побуждений, что реалистический метод писателя порой переходит в натурализм. |
| 333 |
Примечание о целевом назначении |
__ |
| a |
Примечание о целевом назначении |
16+. Для детей старше 16 лет |
| 606 |
Тематические рубрики |
__ |
| a |
Основная рубрика |
Художественная литература |
| 606 |
Тематические рубрики |
__ |
| a |
Основная рубрика |
Литература Европы (произведения) |
| z |
Хронологическая подрубрика |
19 в. |
| y |
Географическая подрубрика |
Франция |
| 610 |
Ключевые слова |
0_ |
| a |
Ключевые слова |
иностранная литература; зарубежная литература; тема любви; тема взаимоотношений; тема женщины; французская литература; романы; тема мужчины; тема человека; психологические романы |
| 686 |
Индексы других классификаций |
__ |
| a |
Классификационный индекс |
84(4Фра)-4я04 |
| 700 |
Автор |
_1 |
| a |
Фамилия |
Мопассан |
| b |
Имя |
Г. де |
| g |
Полное личное имя |
Ги де |
| 4 |
Код отношения |
070 |
| 702 |
Вторичная интеллектуальная ответственность |
_1 |
| a |
Фамилия |
Гнуст |
| b |
Имя |
Е. |
| 4 |
Код отношения |
переводчик |
| 801 |
Источник записи |
_0 |
| a |
Страна |
RU |
| b |
Организация |
Муниципальное бюджетное учреждение культуры "Централизованная библиотечная система" г. Сургут (Центральная городская библиотека им. А. С. Пушкина) |
| g |
Правила каталогизации |
КиК/Поспелова |
| 801 |
Источник записи |
_1 |
| a |
Страна |
RU |
| b |
Организация |
Муниципальное бюджетное учреждение культуры "Централизованная библиотечная система" г. Сургут (Центральная городская библиотека им. А. С. Пушкина) |
| g |
Правила каталогизации |
КиК/Поспелова |
| 852 |
Данные о местонахождении |
__ |
| j |
Шифр хранения |
84(4Фра)-4я04 |
| c |
Каталожный индекс |
84(4Фра)-4я04 |
| i |
Авторский знак |
М 78 |
| 901 |
Тип документа |
__ |
| t |
Тип документа |
0 |
| 903 |
Характеристики (МАРС) |
__ |
| a |
Дата передачи |
20080826 |
| 969 |
Тип издания |
__ |
| a |
Тип издания |
аудиокнига |
| 990 |
Данные о заказе (DOS) |
__ |
| j |
Количество экземпляров (DOS) |
2 |
| h |
N записи в КСУ для Б/У (DOS) |
200809 |